College Football Stadiums - Statistics

General Stats
  • This quiz has been taken 123 times
    117 since last reset
  • The average score is 26 of 67
Answer Stats
Team Stadium % Correct
Northwestern Wildcats Ryan Field
94%
Alabama Crimson Tide Bryant-Denny Stadium
92%
California Golden Bears California Memorial Stadium
80%
Missouri Tigers Faurot Field at Memorial Stadium
80%
Clemson Tigers Memorial Stadium
80%
Illinois Fighting Illini Memorial Stadium
80%
Indiana Hoosiers Memorial Stadium
80%
Nebraska Cornhuskers Memorial Stadium
80%
UCLA Bruins Rose Bowl Stadium
69%
Ohio State Buckeyes Ohio Stadium
67%
Georgia Bulldogs Sanford Stadium
67%
Michigan Wolverines Michigan Stadium
65%
Oregon Ducks Autzen Stadium
64%
Penn State Nittany Lions Beaver Stadium
63%
Miami Hurricanes Hard Rock Stadium
63%
Pitt Panthers Acrisure Stadium
61%
LSU Tigers Tiger Stadium
58%
Tennessee Volunteers Neyland Stadium
57%
Auburn Tigers Jordan-Hare Stadium
55%
Texas A&M Aggies Kyle Field
52%
Iowa Hawkeyes Kinnick Stadium
49%
Wisconsin Badgers Camp Randall Stadium
48%
Florida State Seminoles Doak Campbell Stadium
48%
Notre Dame Fighting Irish Notre Dame Stadium
46%
Michigan State Spartans Spartan Stadium
45%
Stanford Cardinal Stanford Stadium
45%
Florida Gators Ben Hill Griffin Stadium
38%
Washington Huskies Husky Stadium
38%
Kentucky Wildcats Kroger Field
38%
Virginia Tech Hokies Lane Stadium
33%
Oklahoma State Cowboys Boone Pickens Stadium
31%
Texas Longhorns Darrel K Royal - Texas Memorial Stadium
31%
Kansas Jayhawks David Booth Kansas Memorial Stadium
31%
Oklahoma Sooners Gaylord Family - Oklahoma Memorial Stadium
31%
Mississippi Rebels Vaught Hemingway Stadium
31%
Arizona Wildcats Arizona Stadium
30%
Georgia Tech Yellow Jackets Bobby Dodd Stadium
30%
Iowa State Cyclones Jack Trice Stadium
30%
BYU Cougars LaVell Edwards Stadium
30%
Rutgers Scarlet Knights SHI Stadium
27%
Arkansas Razorbacks Donald W Reynolds Razorback Stadium
26%
Boston College Eagles Alumni Stadium
25%
USC Trojans Los Angeles Memorial Coliseum
25%
Cincinnati Bearcats Nippert Stadium
25%
Duke Blue Devils Wallace Wade Stadium
25%
Minnesota Golden Gophers Huntington Bank Stadium
23%
Louisville Cardinals L&N Federal Credit Union Stadium
23%
Utah Fighting Utes Rice-Eccles Stadium
23%
Kansas State Wildcats Bill Snyder Family Stadium
19%
Texas Tech Red Raiders Jones AT&T Stadium
19%
Purdue Boilermakers Ross-Ade Stadium
19%
North Carolina State Wolfpack Carter-Finley Stadium
18%
Mississippi State Bulldogs Davis Wade Stadium
18%
South Carolina Gamecock Williams-Brice Stadium
18%
Syracuse Orange JMA Wireless Dome
17%
Oregon State Beavers Reser Stadium
17%
Houston Cougars TDECU Stadium
15%
TCU Horned Frogs Amon G Carter Stadium
14%
Vanderbilt Commodores FirstBank Stadium
13%
Arizona State Sun Devils Mountain America Stadium
13%
Maryland Terrapins SECU Stadium
13%
UNC Tar Heels Kenan Memorial Stadium
12%
West Virginia Mountaineers Milan Puskar Stadium
11%
Virginia Cavaliers Scott Stadium
11%
SMU Mustangs Gerald J Ford Stadium
10%
Wake Forest Demon Deacons Allegacy Federal Credit Union Stadium
8%
UCF Knights FBC Mortgage Stadium
7%
No matching quizzes found
Score Distribution
Percent of People with Each Score
Percentile by Number Answered
Your Score History
You have not taken this quiz since the last reset